000 00647nas a2200229 4500
001 BR7301852
003 BR-BrBNA
005 20231205082410.0
007 ta
008 230509b bl.|||p| |||| 00| 00por d
040 _aBR-BrBNA
_bpor
_cBiblioteca Nacional de Agricultura
041 _a(Pt)
072 _aL10
100 1 _aMosse, G.
245 1 _aExames de capacidade fecundante de esperma bovino
650 _aESPERMA
650 _aBOVINO
650 _aEFICIENCIA REPRODUTIVA
773 0 _tAtualidades Veterinarias (Brazil)
_x
_g(Mar 1976), v. 5(29) p. 14-15
_wBR7301852
909 _a202311
_bLúcia
_c55
_dLúcia Elande
942 _2AGRIS
_n0
_cANA
999 _c91461
_d91461